Politique Française en P - Statistiques

Statistiques générales
  • Ce quiz a été pris 172 fois
  • Le résultat moyen est 7 sur 10
Statistiques - réponses
Hint Réponse % Correct
Ancien Maréchal de France frappé d’indignité nationale pour sa collaboration avec le régime Nazi, chef de gouvernment du régime de Vichy. Philippe Pétain
97%
Premier ministre de Charles de Gaulle, il a ensuite été Président de la République Georges Pompidou
96%
Chef de l’Etat en France Président de la République
93%
Institution législative française composée de l’Assemblée nationale et du Sénat. Parlement
91%
Premier Premier ministre d’Emmanuel Macron, il crée ensuite son mouvement Horizons. Edouard Philippe
90%
Députée La France Insoumise (LFI) depuis 2017, elle est présidente du groupe LFI à l’Assemblée Nationale depuis 2021. Mathilde Panot
79%
Ancien vice-président du Front National, il a fondé son propre mouvement “Les Patriotes” en 2017 Florian Philippot
73%
Membre du parti Les Écologistes, maire de Grenoble depuis 2014 Eric Piolle
44%
Ancien député et ministre du budget, il a été collaborateur du régime de Vichy et Préfet de Police de Paris lors des massacres du 17 Octobre 1961. Maurice Papon
42%
Homme politique créateur de l’Union de défense des commerçants et artisans, qui a donné son nom à un mouvement politique réactionnaire. Pierre Poujade
34%
Aucun quiz correspondant
Distribution des résultats
% des personnes avec chaque résultat
Percentile par nombre de réponses
Votre historique - résultats
Vous n’avez pas pris ce quiz